[Event "American Continental-ch 2018 -TB"]
[Site "Montevideo"]
[Date "2018.06.10"]
[Round "1"]
[White "Mareco, Sandro"]
[Black "Cori Quispe, Kevin Joel"]
[Result "1/2-1/2"]
[WhiteElo "2643"]
[BlackElo "2468"]
[Annotator "TA"]
[PlyCount "65"]
[EventDate "2018.??.??"]
[EventType "swiss"]
[EventCountry "URU"]
[SourceTitle "playchess.com"]
[Source "ChessBase"]
[SourceQuality "1"]

{[%evp 10,65,18,12,35,30,31,13,10,18,18,7,17,18,2,8,14,13,8,-4,5,-22,-22,-29,-35,-52,-58,-48,-45,-56,-56,-69,-69,-71,-77,-69,-57,-59,-38,-40,-39,-38,-33,-46,-39,-44,-29,-37,-44,-53,-28,-35,-20,-20,-20,-20,-20,-22]} 1. d4 Nf6 2. c4 e6 3. Nf3 Bb4+ 4. Nbd2 O-O 5. a3 Be7 6. e4 d6 {E11: Bogo-Indian} (6... d5 7. e5 Nfd7 8. Bd3 c5 9. O-O Nc6 10. Re1 a5 11. Qc2 h6 12. Nb3 dxc4 13. Bxc4 cxd4 14. Qe4 a4 15. Bxh6 axb3 16. Bxg7 Kxg7 17. Qg4+ Kh8 18. Qh5+ Kg7 19. Qg4+ Kh8 20. Qh5+ Kg7 21. Qg4+ {½-½ (21) Vitiugov,N (2740)-Tomashevsky,E (2714) Sochi 2018}) 7. Be2 Nfd7 {[%cal Bf6d7,Bd7c5,Bc5e6][%mdl 32]} 8. Nb1 e5 9. Nc3 exd4 10. Nxd4 Nc6 11. Be3 Bf6 12. O-O Nc5 13. Rb1 Re8 14. f3 Be5 $146 15. Rf2 (15. Nxc6 {feels hotter.} bxc6 16. Rf2 a5 17. Na4 Nxa4 18. Qxa4 c5 19. b4) 15... Nxd4 16. Bxd4 Ne6 17. Be3 Bxc3 $1 18. bxc3 b6 19. Bf1 Bb7 20. Rd2 Qf6 21. Qc2 Bc6 22. Re1 h5 23. Qc1 a5 24. Bd4 Qg6 25. Bd3 Nc5 26. Bxc5 bxc5 27. e5 Qg5 28. exd6 cxd6 29. Rde2 Qxc1 30. Rxc1 Rab8 31. Rxe8+ {The position is equal.} Bxe8 32. Rb1 Rxb1+ 33. Bxb1 {Precision: White = 70%, Black = 77%.} 1/2-1/2

[Event "American Continental-ch 2018 -TB"]
[Site "Montevideo"]
[Date "2018.06.10"]
[Round "1"]
[White "Salinas Herrera, Pablo"]
[Black "Cori, Jorge"]
[Result "0-1"]
[WhiteElo "2463"]
[BlackElo "2659"]
[Annotator "TA"]
[PlyCount "94"]
[EventDate "2018.??.??"]
[EventType "swiss"]
[EventCountry "URU"]
[SourceTitle "playchess.com"]
[Source "ChessBase"]
[SourceQuality "1"]

{[%evp 14,94,46,42,78,76,74,68,71,87,100,103,113,106,113,100,99,105,122,64,72,52,68,91,78,0,45,0,131,77,72,0,52,64,79,52,56,60,117,71,80,68,72,41,51,-61,45,31,22,-86,19,0,0,0,9,-20,-20,-70,-112,-120,-114,-120,-110,-120,-106,-155,-145,-150,-169,-332,-246,-229,-245,-248,-247,-473,-466,-468,-468,-1035,-1023,-1005,-716]} 1. e4 c5 2. Nf3 e6 3. d4 cxd4 4. Nxd4 Nc6 5. Nc3 Qc7 6. Qd3 {B47: Sicilian: Taimanov: 5 Nc3 Qc7 6 f4, 6 g3 and 6 Be2} (6. Be3 a6 7. Qf3 Nf6 8. O-O-O Ne5 9. Qg3 b5 10. a3 Bb7 11. Bxb5 Rc8 12. Ba4 Nxe4 13. Nxe4 Bxe4 14. Bf4 Qc4 15. Bxe5 Qxa4 {1-0 (38) Vachier Lagrave,M (2789)-Anand,V (2776) Karlsruhe/Baden-Baden 2018}) 6... a6 7. Nxc6 Qxc6 8. Be2 {LiveBook: 5 Games. White is slightly better.} d6 9. Bg5 $146 ({Predecessor:} 9. Bf4 b5 10. Bf3 Bb7 11. a3 e5 12. Be3 Nf6 13. O-O Be7 {1-0 (42) Papp,G (2581)-Bomans,A (2286) Karlsruhe 2017}) 9... b5 10. a3 Bb7 11. O-O-O Rc8 12. Kb1 Nf6 13. Bxf6 $1 gxf6 14. f4 Qc5 15. f5 Be7 16. fxe6 ({Better is} 16. Bh5 $16) 16... fxe6 $14 17. Qh3 {And now Bg4 would win.} Qe5 $1 18. Bh5+ Kd7 {[%cal Be8d7,Bd7d8,Bd8c7,Bc7b8][%mdl 32]} 19. Nd5 (19. Rhe1 $16) 19... Kd8 (19... Rxc2 $5 20. Nb6+ Kc7 21. Kxc2 Bxe4+ 22. Kb3 f5 $15) 20. Rhe1 Rc4 {[#]} (20... exd5 $11 {remains equal.} 21. exd5 Qf4) 21. Nc3 (21. Nb4 $142 $1) 21... Bc8 22. Rd3 ({White should try} 22. Na2 $16) 22... Rc5 (22... b4 $11 23. axb4 Rxb4) 23. Bf3 h5 24. Red1 Kc7 25. Ne2 Bd7 ({Black should play} 25... Kb8 $14) 26. Nd4 Kb8 27. Nb3 Rc7 28. c3 (28. Qh4 {is interesting.} Rhc8 29. R3d2 Bc6 30. Qf2 Bb7 31. Na5) 28... Bc8 29. Rd4 (29. g3 $14) 29... Bb7 (29... Qg5 $1 $15 30. Qg3 Qxg3 31. hxg3 f5) 30. Nc1 {Hoping for Nd3.} Bc8 $1 {[%cal Bb7c8,Bc8d7,Bd7c6][%mdl 32]} 31. a4 {[#]} (31. R4d3 $11) 31... bxa4 (31... Qg5 $1 $17 {Strongly threatening ...e5.} 32. Qg3 e5 33. Qxg5 fxg5) 32. Rxa4 Rb7 33. Be2 a5 34. Qf3 Bd7 35. Ra3 Bc6 36. Bd3 d5 $40 {[%mdl 128] Black is out for blood.} 37. Rxa5 Qxc3 {[%csl Gb7][%cal Rc3b2]} ({Not} 37... Qxh2 38. exd5 Bxd5 39. Be4 $18) 38. Ra2 Qb4 {[%cal Rd5e4]} 39. Bc2 dxe4 40. Qg3+ e5 41. Bb3 $2 (41. Nb3 {was worth a try.} h4 42. Qf2) 41... Rc8 42. Be6 Rd8 43. Rxd8+ Bxd8 44. Qg8 $2 (44. Qe3 {was necessary.}) 44... Qd4 $19 {Black is clearly winning.} 45. Bb3 e3 46. Ra6 (46. Ra3 $142) 46... Be4+ 47. Ka2 Ra7 {Precision: White = 39%, Black = 56%.} 0-1

[Event "American Continental-ch 2018 -TB"]
[Site "Montevideo"]
[Date "2018.06.10"]
[Round "1"]
[White "Escalante Ramirez, Brian Sebasti"]
[Black "Cordova, Emilio"]
[Result "0-1"]
[WhiteElo "2422"]
[BlackElo "2621"]
[Annotator "TA"]
[PlyCount "88"]
[EventDate "2018.??.??"]
[EventType "swiss"]
[EventCountry "URU"]
[SourceTitle "playchess.com"]
[Source "ChessBase"]
[SourceQuality "1"]

{[%evp 21,88,0,0,-39,-33,-39,-39,-43,-41,-56,-41,-63,0,0,-2,0,43,48,51,6,17,13,20,17,46,49,33,6,7,-95,-97,-94,-98,-94,-89,-88,-28,-42,-31,-66,-56,-95,-91,-97,-89,-135,-120,-156,-145,-170,-93,-113,-95,-101,-85,-93,-91,-108,-100,-116,-102,-105,-20,-29991,-29992,-29992,-29993,-29993,-29994]} 1. e4 c5 2. Nf3 Nc6 3. d4 cxd4 4. Nxd4 Nf6 5. Nc3 e5 6. Ndb5 d6 7. a4 a6 8. Na3 Be6 9. Bc4 Rc8 10. O-O Be7 11. Be3 O-O 12. Re1 {B33: Sicilian: Pelikan and Sveshnikov Variations} (12. f3 Nb4 13. Bb3 Bxb3 14. cxb3 d5 15. exd5 Nfxd5 16. Nxd5 Nxd5 17. Bf2 Bxa3 18. bxa3 Nf4 19. Qxd8 Rfxd8 {0-1 (47) Drozdowski,K (2132)-Barski,R (2452) Bialystok 2017}) 12... Nb4 13. Nd5 Nbxd5 14. exd5 $146 {Black is slightly better.} ({Predecessor:} 14. Bxd5 Nxd5 15. exd5 Bd7 16. c4 Bg5 17. Rc1 f5 18. c5 f4 19. Bd2 f3 20. cxd6 Bxd2 21. Qxd2 Qh4 22. Rxe5 Qd4 23. Qxd4 {0-1 (23) Berkvens,J (2268)-Winkels,M (2066) Germany 2000}) 14... Bd7 15. Bb3 Ng4 16. Bd2 f5 (16... Bh4 $1 $15 17. g3 Qb6) 17. h3 $1 $11 {[%cal Rh3g4]} Nf6 18. Nc4 Kh8 19. Ba5 Qe8 20. Nb6 (20. Nxe5 $5 dxe5 21. Rxe5 $16) 20... Rb8 21. c4 Bd8 22. Bc2 Bxb6 23. Bxb6 {And now Bc7 would win.} Rc8 24. Qe2 Nh5 25. Ra3 (25. b3 $11 {keeps the balance.}) 25... Nf4 $17 26. Qf1 {[#]} Nxd5 $1 {[%mdl 512]} 27. Ba5 (27. cxd5 Rxc2) 27... Nf4 28. Bd2 {Hoping for Bxf4.} Qf7 (28... Ne6 $17 29. Bc3 Bc6) 29. Bxf4 $11 exf4 30. Rc3 Bc6 31. c5 dxc5 32. Re5 {[#]} f3 $1 33. gxf3 Qh5 34. Rexc5 Rf6 {Threatens to win with ...Qg5+.} 35. f4 Qh4 (35... Qh6 $19 36. Rxf5 (36. Bxf5 $2 Rcf8 $19) 36... Rxf5 37. Bxf5 Rf8) 36. Rxf5 $17 Rxf5 37. Bxf5 Rf8 38. Bg4 Rxf4 39. Qe2 h5 40. Bxh5 Re4 $36 {[%mdl 2048] Black is really pushing.} 41. Qd1 Qe7 ({But not} 41... Rxa4 42. Bf3 $11) (41... Rd4 $17 42. Qe2 Rxa4) 42. Qd2 $2 {[%mdl 8192]} (42. Rc1 $11) 42... Re1+ {Black mates.} 43. Kh2 Rh1+ 44. Kg3 Rg1+ {Precision: White = 42%, Black = 54%.} 0-1

[Event "American Continental-ch 2018 -TB"]
[Site "Montevideo"]
[Date "2018.06.10"]
[Round "2"]
[White "Cori, Jorge"]
[Black "Escalante Ramirez, Brian Sebasti"]
[Result "1-0"]
[WhiteElo "2659"]
[BlackElo "2422"]
[Annotator "TA"]
[PlyCount "77"]
[EventDate "2018.??.??"]
[EventType "swiss"]
[EventCountry "URU"]
[SourceTitle "playchess.com"]
[Source "ChessBase"]
[SourceQuality "1"]

{[%evp 21,77,0,0,0,23,-14,-18,-33,-21,-91,-13,-68,0,-21,-4,0,-7,0,0,-28,-36,-59,-37,-31,-22,-36,-27,-41,-29,-28,0,0,0,0,0,-12,60,60,150,146,342,325,324,300,298,291,288,66,106,0,251,51,570,490,607,480,476,475]} 1. d4 Nf6 2. Nf3 g6 3. c3 Bg7 4. Bf4 O-O 5. h3 d6 6. e3 b6 7. Nbd2 Bb7 8. Be2 Nbd7 9. O-O Qe8 10. Bh2 {A48: 1 d4 Nf6 2 Nf3 g6: Torre, London and Colle Systems} (10. a4 a6 11. Qc2 e5 12. dxe5 dxe5 13. Bh2 e4 14. Nd4 Ne5 15. a5 b5 16. c4 b4 17. c5 Bd5 {0-1 (32) Vovk,Y (2617)-Wei,Y (2734) Baku 2015}) 10... e5 11. dxe5 dxe5 {LiveBook: 9 Games} 12. a4 {The position is equal.} a6 13. Nc4 {[%cal Rf3e5]} Ne4 14. Nfd2 Nxd2 $146 ({Predecessor:} 14... Ndc5 15. Qc2 b5 {1-0 (74) Levin,F (2478)-Rambaldi,F (2355) Bratto 2013}) 15. Qxd2 (15. Nxd2 $11 {keeps the balance.} Rd8 16. b4) 15... Qe7 (15... Nc5 $17 {Hoping for ...Nb3.} 16. Rad1 Bc6) 16. Rfd1 (16. b4 $11) 16... Rad8 (16... Nc5 $15 17. Qe1 Bc6) 17. Qe1 Nc5 {[%cal Bd7c5,Bc5e4,Be4d2][%mdl 32]} 18. b4 $1 {Threatens to win with Rxd8.} Rxd1 19. Qxd1 Rd8 20. Qf1 Ne4 21. Rc1 h5 22. f3 Nd2 23. Nxd2 Rxd2 24. Bxa6 Bxa6 25. Qxa6 Qg5 {[%csl Gd2][%cal Rg5g2]} 26. Qa8+ Kh7 {[%csl Gd2][%cal Rg5g2]} 27. f4 Qf5 28. fxe5 Qf2+ (28... Bh6 $11 29. Kh1 Bxe3) 29. Kh1 $14 Re2 (29... Qxe3 $14 30. Qf3 Qxf3 31. gxf3 Ra2) 30. Qf3 Re1+ $2 (30... Qxf3 $16 31. gxf3 Rxe3) 31. Rxe1 $18 Qxe1+ 32. Bg1 Qxc3 33. Qxf7 Qxe5 {[#]} 34. Qc4 $2 (34. e4 $1 $18 {[%mdl 512]}) 34... Bf8 {[#]} 35. Qf7+ (35. e4 $1 $16) 35... Bg7 $1 {[#]} 36. Qa2 $2 ({White must play} 36. e4 $1 $18 {[%mdl 512]}) 36... Bh6 $2 {[%mdl 8192]} (36... c5 $14 37. bxc5 Qxc5) 37. a5 {White is clearly winning.} Bxe3 38. Qe2 bxa5 39. bxa5 {Precision: White = 28%, Black = 18%.} ({Weaker is} 39. Qxe3 Qxe3 40. Bxe3 axb4 $18) ({Less strong is} 39. Bxe3 axb4 40. Qf3 Qa1+ 41. Bg1 Qg7 $18) 1-0

[Event "American Continental-ch 2018 -TB"]
[Site "Montevideo"]
[Date "2018.06.10"]
[Round "2"]
[White "Hungaski, Robert"]
[Black "Mareco, Sandro"]
[Result "0-1"]
[WhiteElo "2510"]
[BlackElo "2643"]
[Annotator "TA"]
[PlyCount "58"]
[EventDate "2018.??.??"]
[EventType "swiss"]
[EventCountry "URU"]
[SourceTitle "playchess.com"]
[Source "ChessBase"]
[SourceQuality "1"]

{[%evp 21,58,11,37,-10,-5,7,18,7,97,64,57,10,36,-21,1,0,0,0,0,0,0,-10,-15,-18,-18,-23,0,-21,0,-81,-81,-493,-486,-649,-561,-888,-885,-29991,-29992]} 1. Nf3 d5 2. d4 Nf6 3. c4 e6 4. g3 Bb4+ 5. Bd2 Be7 6. Bg2 O-O 7. O-O Nbd7 8. Qc2 c6 9. Rd1 b6 10. b3 Bb7 {E11: Damenindisch (Bogoljubow-Variante)} 11. Nc3 Rc8 {LiveBook: 88 Partien} 12. Ne1 $146 ({Vorgänger:} 12. Bf4 c5 13. Nb5 cxd4 14. Nd6 Bxd6 15. Bxd6 Re8 16. Nxd4 Nc5 17. Bxc5 Rxc5 18. Qb2 e5 19. Nb5 Qb8 20. e3 h5 {0-1 (33) Meier,G (2648)-Naiditsch,A (2701) Karlsruhe/Baden-Baden 2018}) 12... c5 {Die Stellung ist ausgeglichen.} 13. dxc5 Nxc5 14. Bf4 a6 (14... Qe8 $11) 15. Rac1 b5 16. cxd5 (16. e4 {is interesting.} bxc4 17. bxc4 d4 18. e5 Nfd7 19. Bxb7 Nxb7 20. Rxd4 Qc7 21. Nf3) 16... exd5 17. Qd2 ({Lieber} 17. Qb2 $14) 17... Nce4 (17... Ne6 {with more complications.} 18. e3 Nxf4 19. gxf4 Bb4 20. Nd3 Ba3) 18. Nxe4 Nxe4 19. Rxc8 Qxc8 20. Bxe4 dxe4 21. Rc1 Qe6 $36 {[%mdl 2048] Schwarz hat gut koordiniertes Spiel.} 22. Rc7 Rd8 23. Qc1 Ba8 24. Nc2 h6 25. h4 (25. Be3 $11 {hält das Gleichgewicht.}) 25... Bf6 $17 26. Nb4 $2 {[%mdl 8192] [#]} (26. h5 $17 {leistet mehr Widerstand.}) 26... e3 $1 $19 {[%mdl 512]} 27. Bxe3 {[#]} (27. Qxe3 Rd1+) 27... Bb2 $1 {[%mdl 512]} 28. Qc2 {beabsichtigt Sc6.} (28. Qxb2 Rd1+) 28... Be4 {Und ...Dh3 würde nun gewinnen.} 29. Rc6 Qh3 {Precision: Weiß = 26%, Schwarz = 53%.} 0-1

[Event "American Continental-ch 2018 -TB"]
[Site "Montevideo"]
[Date "2018.06.10"]
[Round "2"]
[White "Cori Quispe, Kevin Joel"]
[Black "Salinas Herrera, Pablo"]
[Result "1-0"]
[WhiteElo "2468"]
[BlackElo "2463"]
[Annotator "TA"]
[PlyCount "125"]
[EventDate "2018.??.??"]
[EventType "swiss"]
[EventCountry "URU"]
[SourceTitle "playchess.com"]
[Source "ChessBase"]
[SourceQuality "1"]

{[%evp 25,125,51,58,27,39,0,0,0,15,0,0,5,4,0,0,0,0,0,13,15,19,17,17,17,33,26,58,43,59,45,59,51,55,0,29,0,6,0,65,22,114,66,125,116,116,126,310,301,352,150,210,197,235,245,315,238,434,424,415,378,479,383,563,412,414,401,383,357,546,554,540,333,545,537,431,304,304,310,638,630,671,660,723,680,665,658,640,643,29978,542,2632,1068,928,839,803,785,1106,1042,29990,972,29987,29988]} 1. e4 c5 2. Nf3 e6 3. d4 cxd4 4. Nxd4 a6 5. Bd3 Bc5 6. Nb3 Ba7 7. O-O Ne7 8. Qe2 Nbc6 9. Be3 Bxe3 10. Qxe3 d6 {B42: Sizilianisch (Paulsen-Variante)} 11. c4 O-O 12. Nc3 e5 13. Rfd1 Be6 {[#] LiveBook: 11 Partien} 14. Nd5 $146 ({Vorgänger:} 14. Bf1 Qb8 15. Nd5 b5 16. Rac1 bxc4 17. Nxe7+ Nxe7 18. Bxc4 Bxc4 19. Rxc4 {1-0 (86) Grigoriants,S (2592)-Shaposhnikov,E (2554) Moscow 2007}) 14... Bxd5 15. cxd5 Nb4 16. Bb1 {a3 ist eine echte Drohung.} a5 17. a3 Na6 18. Bd3 a4 19. Bxa6 Rxa6 20. Nd2 f5 21. Rac1 Ra5 22. f3 fxe4 23. fxe4 Ng6 24. g3 Rb5 25. Rc2 h6 26. Rf1 (26. Kg2 {keeps more tension.} Kh7 27. Qe2 Rb6 28. Rdc1 Qg5 29. Kh1) 26... Rxf1+ 27. Kxf1 Ra5 28. Kg2 Ra8 29. Nb1 (29. Nc4 $14) 29... Qd7 30. Nc3 Qg4 31. Rf2 Rc8 (31... Nf4+ $11 32. Kf1 Qh3+ 33. Kg1 Qg4) 32. Kf1 (32. h3 $5 {[%cal Rh3g4]} Qd7 33. Qe2 $14) 32... Kh7 (32... Qd7 $11) 33. Ke1 Rc4 ({Besser ist} 33... Qd7 $14) 34. Qe2 $16 Qc8 35. Kf1 Rd4 $2 (35... Rc7 $16 36. Nxa4 Qh3+ 37. Kg1 Rc1+ 38. Rf1 Rxf1+ 39. Qxf1 Qg4) 36. Kg2 $18 Rc4 {[#]} 37. h4 (37. Nb5 $1 $18 {[%cal Rb5d6] ist der präzise Gewinnweg.} Qc5 {[#]} 38. Nxd6 $1 {[%mdl 512]}) 37... Rc5 (37... Ne7 $16 38. Nb5 Rc5) 38. Nxa4 Rc1 39. Nc3 Kg8 40. Qh5 Qe8 $2 (40... Nh8 41. Qf3 Qd7) 41. Qg4 Nf8 42. Qf5 Qe7 43. a4 b6 (43... Qe8 {war nötig.} 44. Nb5 Qe7 45. Nxd6 Qxd6) 44. Qg4 Qe8 45. Nb5 Qe7 46. Qf5 Rc4 (46... Nd7 $142 47. Qe6+ Qxe6 48. dxe6 Nf6 49. Nxd6 Kf8) 47. b3 Rc5 48. Qg4 Kh7 $2 (48... Rc1 {ist eine bessere Verteidigung.} 49. Qf5 Nd7 50. Qe6+ Qxe6 51. dxe6 Nf6 52. Nxd6 Kf8) 49. Qf3 Kg8 50. Na3 Nh7 51. Nc4 b5 $2 {[#]} (51... Nf6 52. Nxb6 Rc1) 52. Nxd6 $1 {[%mdl 512]} bxa4 (52... Qxd6 53. Qf7+) 53. bxa4 Ra5 54. Nf5 Qd7 55. Qc3 Rxa4 56. Qxe5 {Droht Matt per Se7+.} Ra8 57. Qe7 (57. Ne7+ $142 Kh8 58. d6 Qg4 59. Qd5 Re8 60. e5 Rb8 61. d7 Rd8 62. Qf7) 57... Rd8 58. Qxd7 (58. d6 $142 Nf6 59. e5) 58... Rxd7 59. d6 Kf7 60. Nd4+ Kg8 61. e5 {[%cal Be4e5,Be5e6][%mdl 32]} g5 62. Nf5 (62. e6 $142 Nf6 63. Rxf6 Rb7 64. d7 Rb8 65. e7 Kg7 66. e8=Q Rb2+ 67. Kf3) 62... gxh4 63. e6 {Precision: Weiß = 47%, Schwarz = 26%.} 1-0

[Event "American Continental-ch 2018 -TB"]
[Site "Montevideo"]
[Date "2018.06.10"]
[Round "3"]
[White "Cordova, Emilio"]
[Black "Cori, Jorge"]
[Result "1/2-1/2"]
[WhiteElo "2621"]
[BlackElo "2659"]
[Annotator "TA"]
[PlyCount "39"]
[EventDate "2018.??.??"]
[EventType "swiss"]
[EventCountry "URU"]
[SourceTitle "playchess.com"]
[Source "ChessBase"]
[SourceQuality "1"]

{[%evp 15,39,11,45,11,7,11,12,0,0,0,0,0,7,6,11,11,12,10,11,13,11,0,4,8,12,8]} 1. Nf3 d5 2. g3 Nf6 3. Bg2 c6 4. O-O Bg4 5. c4 Nbd7 6. cxd5 cxd5 7. d4 e6 8. Nc3 Bd6 {LiveBook: 15 Games. A11: English Opening: 1...c6} 9. h3 Bxf3 {The position is equal.} 10. Bxf3 O-O 11. Qb3 $146 (11. Qd3 {is more complex.} Rc8 12. Bd2 Qb6 13. e3 a6 14. Rfc1) ({Predecessor:} 11. Qd3 h6 12. Bd2 a6 {0-1 (53) Roiz,M (2617)-Postny,E (2637) Beersheba 2013}) 11... Qb6 12. Qxb6 Nxb6 13. b3 a6 14. Bb2 Rfc8 15. Rfc1 Rc7 16. Nd1 Rac8 17. Rxc7 Rxc7 18. Rc1 Rxc1 19. Bxc1 Kf8 20. g4 1/2-1/2

[Event "American Continental-ch 2018 -TB"]
[Site "Montevideo"]
[Date "2018.06.10"]
[Round "3"]
[White "Salinas Herrera, Pablo"]
[Black "Hungaski, Robert"]
[Result "0-1"]
[WhiteElo "2463"]
[BlackElo "2510"]
[Annotator "TA"]
[PlyCount "56"]
[EventDate "2018.??.??"]
[EventType "swiss"]
[EventCountry "URU"]
[SourceTitle "playchess.com"]
[Source "ChessBase"]
[SourceQuality "1"]

{[%evp 19,56,-65,-75,-78,-69,-77,-84,-156,-56,-75,-43,-37,-47,-115,-105,-112,-129,-112,-114,-120,-127,-111,0,-125,0,-131,-122,-125,0,-374,-368,-361,-360,-1264,-1284,-2833,-2702,-29997,-29998]} 1. d4 d5 2. c4 dxc4 3. e4 Nc6 4. Nf3 Bg4 5. Be3 Bxf3 6. gxf3 {D20: Queen's Gambit Accepted: 3 e3 and 3 e4} e6 7. Nc3 Bb4 (7... Qf6 8. Qa4 Bb4 9. O-O-O Nge7 10. Bxc4 O-O-O 11. h4 Bxc3 12. bxc3 Qxf3 13. Qc2 {1-0 (33) Anton Guijarro,D (2630)-Banusz,T (2613) Monzon 2016}) 8. Bxc4 Qf6 9. a3 Ba5 10. Bb5 Nge7 $1 {LiveBook: 4 Games} 11. e5 Qh4 $146 ({Predecessor:} 11... Qf5 12. Bd3 Qh3 13. Bf1 {0-1 (34) Pluess,P (2231)-Aumann,W (2329) Switzerland 2006}) 12. Qa4 O-O 13. Rg1 {[#]} ({White should try} 13. O-O-O) 13... a6 ({Weaker is} 13... Qxh2 14. Ke2 $11) (13... Nd5 $1 $17 {[%cal Rd5e3]} 14. Bxc6 Bxc3+ 15. bxc3 bxc6) 14. Bxc6 $1 $15 Bxc3+ ({Avoid the trap} 14... Qxh2 $2 15. Ke2 $18) 15. bxc3 bxc6 16. Bg5 ({Better is} 16. Ke2 $15) 16... Qxh2 $17 17. Ke2 {[#]} Nf5 $1 18. Qxc6 Rab8 $36 {[%mdl 2048] aiming for ...Rb2+. Black is in control.} 19. Rgb1 Ng3+ 20. Ke3 Nf5+ 21. Ke2 Ng3+ 22. Ke3 Rxb1 23. Rxb1 Nh1 (23... Nf5+ $17 24. Ke2 Qg2) 24. Be7 $2 {[%mdl 8192]} (24. Rb2 $1 $11 {and White is okay.} Ng3 25. Rb1) 24... Qxf2+ $19 25. Kd3 {[#]} Ng3 $1 {[%csl Gg3][%cal Rf2e2][%mdl 512]} 26. Kc4 $2 (26. c4 Nf5 27. Bc5) 26... Qa2+ 27. Rb3 Rb8 28. Bb4 Qe2+ {Precision: White = 30%, Black = 67%.} 0-1

[Event "American Continental-ch 2018 -TB"]
[Site "Montevideo"]
[Date "2018.06.10"]
[Round "3"]
[White "Escalante Ramirez, Brian Sebasti"]
[Black "Cori Quispe, Kevin Joel"]
[Result "1-0"]
[WhiteElo "2422"]
[BlackElo "2468"]
[Annotator "TA"]
[PlyCount "87"]
[EventDate "2018.??.??"]
[EventType "swiss"]
[EventCountry "URU"]
[SourceTitle "playchess.com"]
[Source "ChessBase"]
[SourceQuality "1"]

{[%evp 9,87,24,75,62,73,76,107,100,108,107,127,121,116,121,137,131,169,166,150,167,167,162,169,154,175,151,141,126,126,126,129,128,137,128,130,127,135,122,129,114,131,132,143,80,83,39,47,10,13,32,33,34,41,43,37,51,44,0,55,56,217,212,235,0,0,0,224,157,229,207,862,848,741,739,1449,1375,12843,12843,12846,12842]} 1. e4 c5 2. Nc3 Nc6 3. Nge2 Nd4 4. d3 (4. Nxd4 cxd4 5. Nb5 e5 6. Qh5 d6 7. Bc4 g6 8. Qf3 Be6 9. Bxe6 fxe6 10. c3 Qd7 11. Na3 Bg7 {0-1 (48) Chigaev,M (2566)-Rakhmanov,A (2659) Khanty-Mansiysk 2017}) 4... e6 5. Be3 Nxe2 $146 (5... e5 $11 {keeps the balance.}) ({Predecessor:} 5... e5 6. Nd5 Ne7 7. Nec3 b5 8. Nxe7 Bxe7 9. Nd5 Bb7 10. g3 Bxd5 11. exd5 O-O {½-½ (22) Talpak,T (2468)-Satici,A (2293) ICCF email 2016}) 6. Bxe2 {B23: Closed Sicilian: Lines without g3} d6 7. d4 cxd4 8. Qxd4 {White is better.} Ne7 9. O-O-O Nc6 10. Qd2 a6 11. Bf4 Be7 12. Bxd6 O-O 13. Bxe7 Qxe7 14. f4 Rd8 15. Qe3 b5 16. Rxd8+ Nxd8 17. e5 Bb7 18. Ne4 Bd5 19. Bf3 Nb7 20. Rd1 Qc7 21. Nc3 Bxf3 22. Qxf3 Rc8 23. Qd3 Rd8 24. Qe3 Rxd1+ 25. Kxd1 h6 26. Ne4 ({Better is} 26. b3) 26... Qc4 $16 27. Nd2 Qxa2 28. Qb6 Qd5 29. Qxa6 Qxg2 30. Qxb5 {aiming for c4.} Qh1+ 31. Qf1 Qxh2 32. b4 g5 33. fxg5 Qxe5 (33... hxg5 $11 34. Qe1 Nd8) 34. gxh6 $14 Qa1+ $2 {[#]} (34... Nd6 $1 $14) 35. Ke2 $18 Qe5+ 36. Kd1 {Black must now prevent Qg2+.} Qa1+ 37. Ke2 Qe5+ {[#]} 38. Kd3 $1 Qd5+ (38... Nd6 $16 39. Qg2+ Kh7) 39. Kc3 Nd6 $2 (39... Qe5+ 40. Kb3 Nd6) 40. Qg1+ {White is clearly winning.} Kf8 41. h7 Qe5+ 42. Kb3 Ke7 43. Qc5 Qh2 44. Qc7+ {Precision: White = 67%, Black = 49%.} 1-0